<?xml version="1.0" encoding="UTF-8"?>
<collection xmlns:xsi="http://www.w3.org/2001/XMLSchema-instance" xsi:schemaLocation="http://www.loc.gov/MARC21/slim http://www.loc.gov/standards/marcxml/schema/MARC21slim.xsd" xmlns="http://www.loc.gov/MARC21/slim">
 <record>
  <leader>00000ctm a22000003a 4500</leader>
  <controlfield tag="001">UP-8027390931316262501</controlfield>
  <controlfield tag="003">Buklod</controlfield>
  <controlfield tag="005">20160813140931.0</controlfield>
  <controlfield tag="006">a     r    |||| u|</controlfield>
  <controlfield tag="007">ta</controlfield>
  <controlfield tag="008">160813s        xx     d     r    |||| u|</controlfield>
  <datafield tag="035" ind1=" " ind2=" ">
   <subfield code="a">(iLib)UPMIN-00008835680</subfield>
  </datafield>
  <datafield tag="040" ind1=" " ind2=" ">
   <subfield code="a">upmin</subfield>
  </datafield>
  <datafield tag="041" ind1=" " ind2=" ">
   <subfield code="a">eng</subfield>
  </datafield>
  <datafield tag="090" ind1=" " ind2="0">
   <subfield code="a">LG993.2 2010 M21</subfield>
   <subfield code="b">L43</subfield>
  </datafield>
  <datafield tag="100" ind1="1" ind2=" ">
   <subfield code="a">Ledres, Ellen T.</subfield>
   <subfield code="e">author.</subfield>
  </datafield>
  <datafield tag="245" ind1="0" ind2="0">
   <subfield code="a">Strategic plan for Fabian and Associates, CPAs</subfield>
   <subfield code="c">Ellen T. Ledres ;  Miguel D. Soledad, Sylvia B. Concepcion, advisers.</subfield>
  </datafield>
  <datafield tag="264" ind1=" " ind2="1">
   <subfield code="a">Davao City</subfield>
   <subfield code="b">School of Management, University of the Philippines Mindanao</subfield>
   <subfield code="c">c2010.</subfield>
  </datafield>
  <datafield tag="300" ind1=" " ind2=" ">
   <subfield code="a">vii, 76 leaves</subfield>
   <subfield code="b">illustrations</subfield>
  </datafield>
  <datafield tag="500" ind1=" " ind2=" ">
   <subfield code="a">Thesis, Graduate (Master in Management)--University of the Philippines Mindanao, January 2010.</subfield>
  </datafield>
  <datafield tag="520" ind1=" " ind2=" ">
   <subfield code="a">Fabian and Associates, CPAs was founded in 2004 as a professional firm offering services in auditing and accounting. The firm has a proven tract record of professional expertise and has helped several clients? businesses get moving in the right direction. For the past five years in the business, Fabian and Associates, CPAs made an impressive performance through its strategies of quality service, competitive rates and pursuit to Chinese community as their niche market. This Strategic Plan helps define the core values of Fabian and Associates, CPAs and its key business activities to meet its objectives. It dissected the firm and made detailed analysis on internal operations as well as the external environment of the firm. This paper also suggests new set of goals and creates new strategies and timelines, and determines control systems as its success criteria to ensure that the firm?s objectives are achieved. This strategic plan aims to put Fabian and Associates, CPAs ahead of many of its competitors. It contributes specific goals for the business in some areas which will help them stay focused. Business issues such as in operating activities, human resources, client satisfaction, and market penetration will subsequently be improved with a more focused vision.</subfield>
  </datafield>
  <datafield tag="658" ind1=" " ind2=" ">
   <subfield code="a">Policy and Strategic Planning</subfield>
   <subfield code="c">M241.</subfield>
  </datafield>
  <datafield tag="700" ind1="1" ind2=" ">
   <subfield code="a">Soledad, Miguel D.</subfield>
   <subfield code="e">adviser.</subfield>
  </datafield>
  <datafield tag="700" ind1="1" ind2=" ">
   <subfield code="a">Concepcion, Sylvia B.</subfield>
   <subfield code="e">adviser.</subfield>
  </datafield>
  <datafield tag="905" ind1=" " ind2=" ">
   <subfield code="a">UP</subfield>
  </datafield>
  <datafield tag="905" ind1=" " ind2=" ">
   <subfield code="a">FI</subfield>
  </datafield>
  <datafield tag="852" ind1="0" ind2=" ">
   <subfield code="a">UPMIN</subfield>
   <subfield code="b">UPMIN-MAIN</subfield>
   <subfield code="h">LG993.2 2010 M21</subfield>
   <subfield code="i">L43</subfield>
  </datafield>
  <datafield tag="942" ind1=" " ind2=" ">
   <subfield code="a">Thesis</subfield>
  </datafield>
 </record>
</collection>
